000 00698nam a22002177a 4500
999 _c11801
_d11801
003 AR-CdUCM
008 190405b ||||| |||| 00| 0 spa d
040 _aMUNICIPALIDAD PROVINCIAL DEL CUSCO
_cBIBLIOTECA MUNICIPAL DEL CUSCO
082 _aC / 869.56 /
_bP44
100 _aPérez Ocampo, Gustavo
_960
245 _aEl corazón iluminado :
_bPoemas para la vigilia del hombre /
260 _aCusco :
_c1968.
300 _a37 páginas ;
_bilustraciones,
_c28 cm.
500 _aDedicatoria a Luis Nieto.
505 _aContenido: Poemas.
650 _aPoemas Cusqueños
_917375
650 _aLiteratura Peruana
_9132
650 _aSiglo XX
_98
942 _2ddc
_cLIBROS
945 _aachl
_d2019-04-05